LEADER 01351nam0-22004691i-450- 001 990003944450403321 005 20130422155237.0 010 $a88-15-09002-9 035 $a000394445 035 $aFED01000394445 035 $a(Aleph)000394445FED01 035 $a000394445 100 $a20030910d2002----km-y0itay50------ba 101 0 $aita 102 $aIT 200 1 $aParti uguali fra disuguali$epovertà, disuguaglianza e politiche redistributive nell'Italia di oggi$fErmanno Gorrieri 210 $aBologna$cil Mulino$dc2002 215 $a165 p.$d22 cm 610 0 $aPolitica sociale 610 0 $aRedistribuzione del reddito$aItalia 610 0 $aDisuguaglianza$aPolitica sociale 610 0 $aPovertà$aItalia 610 0 $aDisuguaglianza sociale$aItalia 676 $a361.6$v21$zita 676 $a362.5$v21$zita 676 $a336$v11 rid.$zita 700 1$aGorrieri,$bErmanno$f<1920-2004>$0123188 801 0$aIT$bUNINA$gRICA$2UNIMARC 901 $aBK 912 $a990003944450403321 952 $aP.1 P 474$fFLFBC 952 $a362.5 GOR 1$b2362$fBFS 952 $aDPR 29/847$b20557$fDEC 952 $aM/3 GOR$b20143$fSES 952 $aD 372$bs.i.$fDSS 959 $aDEC 959 $aSES 959 $aDSS 959 $aBFS 959 $aFLFBC 996 $aParti uguali fra disuguali$9510971 997 $aUNINA LEADER 00957nam0-2200301---450- 001 990009732330403321 005 20130521100239.0 010 $a0-521-32010-0 035 $a000973233 035 $aFED01000973233 035 $a(Aleph)000973233FED01 035 $a000973233 100 $a20130521d1986----km-y0itay50------ba 101 0 $aeng 102 $aGB 105 $a--------001yy 200 1 $a<>agrarian question and the peasant movement in Colombia$estruggles of the National Peasant Association 1967-1981$fLeon Zamosc 210 $aCambridge$cCambridge University Press$cUNRISD$d1986 215 $axx, 289 p.$d21 cm 225 1 $aCambridge Latin American studies$v58 700 1$aZamosc$bLeon$0520198 801 0$aIT$bUNINA$gRICA$2UNIMARC 901 $aBK 912 $a990009732330403321 952 $aISVE Q1/90$b295$fDECTS 959 $aDECTS 996 $aAgrarian question and the peasant movement in Colombia$9842774 997 $aUNINA